Statistics for Star Wars Hardcore Trivia

Click here to take the quiz!

General Stats

  • This quiz has been taken 555 times
  • The average score is 8 of 15

Answer Stats

Hint Answer % Correct
The millenium falcon can do the Kessel Run in ____ parsecs12
98%
Jar Jar Binks speciesGungan
91%
Plo Koon is in his Spaceship when he dies: True/False?True
84%
Count Dooku's Sith nameDarth Tyranus
69%
Gungan LeaderBoss Nass
64%
Member of the Jedi Council, same species as YodaYaddle
61%
Boba Fett's SpeciesMandalorian
52%
Greedo's speciesRodian
52%
Master of Darth SidiousDarth Plagueis
43%
Ship owned by Bail OrganaTantive IV
38%
Ponda ____Baba
31%
Finn is a ______Traitor
25%
Lasat rebel on board the GhostZeb Orrelios
22%
Friend of Chewbacca, also a WookieTarfful
18%
First Order ship that carries StormtroopersFirst Order Transporter
4%

Score Distribution

Percentile by Number Answered

Percent of People with Each Score

Your Score History

You have not taken this quiz